Cours de code civil
Salvato in:
| Autore principale: | |
|---|---|
| Natura: | Libro |
| Lingua: | francese |
| Pubblicazione: |
París
Chez Delestre-Boulage
1824
|
| Soggetti: | |
| Tags: |
Aggiungi Tag
Nessun Tag, puoi essere il primo ad aggiungerne!!
|
MARC
| LEADER | 00000nam a2200000 a 4500 | ||
|---|---|---|---|
| 001 | UCR2719 | ||
| 003 | CL-VaPUC | ||
| 008 | 980116e18240000FR |||||||||||||||||fre|d | ||
| 082 | 0 | 4 | |a 346.44 |b DEL |2 21 |
| 100 | 0 | |a Delvincourt, M |e author |9 401018 | |
| 245 | 1 | 0 | |a Cours de code civil |
| 300 | |a 3 v | ||
| 942 | |c BK | ||
| 945 | |d 19980116 00:00:00 |a cmena | ||
| 260 | |a París |b Chez Delestre-Boulage |c 1824 | ||
| 650 | 0 | |a Código civil |9 256135 | |
| 650 | 0 | |a Derecho civil |9 255013 | |
| 650 | 0 | |a Derecho francés |9 385145 | |
| 650 | 7 | |a LEGISLACION |2 CL-VaPUC |9 401019 | |
| 650 | 0 | |a Jurisprudencia |9 255952 | |
| 650 | 0 | |a Derecho natural |9 255041 | |
| 650 | 0 | |a Propiedad |9 255268 | |
| 650 | 0 | |a Derecho positivo |9 255911 | |
| 650 | 0 | |a Derecho público |9 255910 | |
| 650 | 7 | |a ESTADO CIVIL |2 CL-VaPUC |9 401020 | |
| 650 | 7 | |a DOMICILIO |2 CL-VaPUC |9 371886 | |
| 650 | 7 | |a MATRIMONIO |2 CL-VaPUC |9 401021 | |
| 650 | 0 | |a Adopción |9 255783 | |
| 650 | 0 | |a Bienes |9 255749 | |
| 651 | 0 | |a Francia |9 255157 | |
| 583 | |a last modification |c 19980116 00:00:00 |k Rodrigo Vera | ||
| 999 | |c 265850 |d 265848 | ||
| 952 | |0 0 |1 0 |4 0 |6 346_440000000000000_DEL_1824 |7 0 |8 DER_HIS |9 296966 |a BIBDER |b BIBDER |d 2019-11-20 |h v.1 |i 1935607 |l 1 |o 346.44 DEL 1824 |p 1935607 |r 2023-08-04 |s 2023-08-04 |w 2019-11-20 |x Ubicación 4to Piso |y BK_X |z Estos recursos deben solicitarse con anticipación |k DER | ||
| 952 | |0 0 |1 0 |4 0 |6 346_440000000000000_DEL_1824 |7 0 |8 DER_HIS |9 296967 |a BIBDER |b BIBDER |d 2019-11-20 |h v.2 |i 1935615 |l 1 |o 346.44 DEL 1824 |p 1935615 |r 2023-08-04 |s 2023-08-04 |w 2019-11-20 |x Ubicación 4to Piso |y BK_X |z Estos recursos deben solicitarse con anticipación |k DER | ||
| 952 | |0 0 |1 0 |4 0 |6 346_440000000000000_DEL_1824 |7 0 |8 DER_HIS |9 296968 |a BIBDER |b BIBDER |d 2019-11-20 |h v.3 |i 1935623 |l 1 |o 346.44 DEL 1824 |p 1935623 |r 2023-08-04 |s 2023-08-04 |w 2019-11-20 |x Ubicación 4to Piso |y BK_X |z Estos recursos deben solicitarse con anticipación |k DER | ||